[Event "18th American Continental"]
[Site "Foz do Iguacu BRA"]
[Date "2025.05.26"]
[Round "5.46"]
[White "Reyes Zavaleta, Cristhian Yamil"]
[Black "Zallio, Luciano de Souza"]
[Result "1-0"]
[BlackTitle "CM"]
[WhiteElo "2073"]
[BlackElo "2243"]
[WhiteFideId "3844340"]
[BlackFideId "2109700"]
[EventDate "2025.05.23"]

1. d4 Nf6 2. c4 e6 3. g3 d5 4. Nf3 Be7 5. Bg2 O-O 6. O-O b6 7. cxd5 exd5 8. Nc3
Bb7 9. Bf4 Nh5 10. Ne5 Nxf4 11. gxf4 c6 12. e3 Nd7 13. Kh1 f6 14. Nf3 g5 15. Rg1
Kh8 16. Bh3 Rg8 17. Ne2 Qc7 18. Rc1 Rae8 19. Be6 Rgf8 20. Qd3 Bd8 21. Bf5 Nb8
22. Ng3 Bc8 23. Bxc8 Qxc8 24. fxg5 Qg4 25. Nd2 fxg5 26. f3 Qe6 27. e4 dxe4 28.
fxe4 Bc7 29. d5 Qd7 30. Nf3 Bf4 31. Qc3+ Qg7 32. Qxg7+ Kxg7 33. Nh5+ Kh6 34.
Nxf4 Rxf4 35. Nxg5 c5 36. Rc3 Rf6 1-0

[Event "18th American Continental"]
[Site "Foz do Iguacu BRA"]
[Date "2025.05.26"]
[Round "5.47"]
[White "Izquierdo, Daniel"]
[Black "Terao, Juliana Sayumi"]
[Result "0-1"]
[WhiteTitle "FM"]
[BlackTitle "FM"]
[WhiteElo "2053"]
[BlackElo "2229"]
[WhiteFideId "3000044"]
[BlackFideId "2109220"]
[EventDate "2025.05.23"]

1. Nf3 Nf6 2. e3 d5 3. d4 c5 4. c3 cxd4 5. exd4 Nc6 6. Bd3 Bg4 7. h3 Bh5 8. Nbd2
e6 9. Qa4 Bd6 10. O-O O-O 11. Re1 Qc7 12. b4 a6 13. Qb3 b5 14. a4 Bg6 15. Bf1
Rab8 16. axb5 axb5 17. Bb2 h6 18. Nb1 Rb6 19. Qd1 Rd8 20. Nbd2 Ne4 21. Nb3 Bh5
22. Be2 Qe7 23. Nc5 Bb8 24. Ra6 Qc7 25. Rxb6 Qxb6 26. Nd2 Bg6 27. Bd3 Nxd2 28.
Qxd2 Bxd3 29. Qxd3 Bd6 30. Bc1 e5 31. dxe5 Bxe5 32. Be3 d4 33. cxd4 Bxd4 34.
Bxd4 Nxd4 35. Qe4 Nc6 36. Nd7 Qc7 37. Qe8+ Kh7 38. Nf8+ Kg8 39. Nd7+ Kh7 40.
Qe4+ Kg8 41. Nc5 Rd4 42. Qe8+ Kh7 43. Ne4 Rd8 44. Nf6+ gxf6 45. Qe4+ Kg7 46. Rc1
Rd6 47. Qg4+ Kf8 48. Qh5 Qd7 49. Qxh6+ Ke7 50. Qe3+ Qe6 51. Qc3 Nd4 52. Qc7+ Kf8
53. Qb8+ Kg7 54. Kh1 Nb3 55. Rb1 Qe5 56. Qc8 f5 57. Qc2 Nd4 58. Qd2 Nf3 0-1

[Event "18th American Continental"]
[Site "Foz do Iguacu BRA"]
[Date "2025.05.26"]
[Round "5.48"]
[White "Aguinaga, Maximiliano"]
[Black "Acosta, Franco Emanuel"]
[Result "0-1"]
[WhiteElo "2226"]
[BlackElo "2075"]
[WhiteFideId "119300"]
[BlackFideId "130265"]
[EventDate "2025.05.23"]

1. e4 c5 2. Nc3 e6 3. d4 cxd4 4. Qxd4 Nc6 5. Qe3 Nf6 6. Bd2 d5 7. exd5 Nxd5 8.
Qg3 Bd6 9. Qxg7 Be5 10. Qg4 Nxc3 11. Bxc3 Qf6 12. Ne2 Bd7 13. Bxe5 Qxe5 14.
O-O-O O-O-O 15. Qf4 Qa5 16. Nc3 e5 17. Qa4 Qc5 18. Ne4 Qe7 19. Bc4 Bf5 20. Bd3
Rd4 21. Nd6+ Kb8 22. Nc4 Qc5 23. Qa3 Nb4 24. Bxf5 Rxc4 25. Qb3 e4 26. Rd2 Nxc2
27. Kb1 Nd4 28. Qg3+ Ka8 29. Qg7 Re8 30. Rhd1 Qxf5 31. g4 Ne6 32. Rd8+ Rc8 33.
Rxc8+ Rxc8 34. Qc3 Qc5 0-1

[Event "18th American Continental"]
[Site "Foz do Iguacu BRA"]
[Date "2025.05.26"]
[Round "5.50"]
[White "Brandao, Renan Alves"]
[Black "Muniz, Francisco Allysson da S."]
[Result "0-1"]
[WhiteElo "2032"]
[BlackElo "2197"]
[WhiteFideId "2115905"]
[BlackFideId "2184753"]
[EventDate "2025.05.23"]

1. e4 c5 2. Nf3 d6 3. d4 cxd4 4. Nxd4 Nf6 5. Nc3 g6 6. Be3 Bg7 7. f3 h5 8. Qd2
Bd7 9. O-O-O Nc6 10. Kb1 Qa5 11. Nb3 Qc7 12. h3 Rc8 13. Bg5 Be6 14. f4 Nb4 15.
e5 dxe5 16. Bb5+ Nc6 17. Nc5 O-O 18. Nxe6 fxe6 19. fxe5 Nxe5 20. Qe2 Nh7 21. Bh4
Rf4 22. Bd7 Nf8 23. Bxc8 Rxh4 24. Qf2 Rb4 25. Bxe6+ Nxe6 26. Nd5 Rxb2+ 27. Kxb2
Nd3+ 28. Kb1 Qe5 29. Nxe7+ Kh7 30. cxd3 Qa1+ 0-1

[Event "18th American Continental"]
[Site "Foz do Iguacu BRA"]
[Date "2025.05.26"]
[Round "5.51"]
[White "Jodorcovsky, Alejandro David"]
[Black "Ferreira, Henrique Camara"]
[Result "1-0"]
[WhiteTitle "CM"]
[WhiteElo "2022"]
[BlackElo "2188"]
[WhiteFideId "3705625"]
[BlackFideId "2108011"]
[EventDate "2025.05.23"]

1. e4 e6 2. d4 d5 3. Nd2 Nc6 4. Ngf3 Nf6 5. e5 Nd7 6. Be2 f6 7. exf6 Qxf6 8. Nf1
Bd6 9. Ne3 h5 10. c4 Ne7 11. g3 b6 12. Qb3 c6 13. Qa4 Bb7 14. Bd2 O-O 15. O-O a6
16. Qc2 c5 17. dxc5 bxc5 18. cxd5 exd5 19. Bc3 Qg6 20. Bd3 Qxd3 21. Qxd3 Rxf3
22. Qd1 Raf8 23. Qb3 Bc6 24. Rad1 Rb8 25. Qc2 d4 26. Nc4 Bc7 27. Ba5 Bxa5 28.
Nxa5 Bd5 29. Rfe1 Rf7 30. Nc4 Nc6 31. a3 Rbf8 32. f4 h4 33. Nd6 Rf6 34. Ne4 Rh6
35. Nxc5 hxg3 36. Nxd7 gxh2+ 37. Qxh2 Rxh2 38. Kxh2 Rxf4 39. Re8+ Kh7 40. Nf8+
Kh6 41. Ne6 Rf2+ 42. Kg3 Rf3+ 43. Kh2 Rf2+ 44. Kg3 Rf3+ 45. Kh2 Rf2+ 46. Kg1
Rxb2 47. Rh8+ Kg6 48. Nf4+ Kf5 49. Nxd5 Ne5 50. Rf1+ Ke4 51. Re1+ Kxd5 52. Rh5
Kc4 53. Rhxe5 d3 54. Rd1 Kd4 55. Re6 d2 56. Kf2 Kc3 57. Rxa6 1-0

[Event "18th American Continental"]
[Site "Foz do Iguacu BRA"]
[Date "2025.05.26"]
[Round "5.52"]
[White "Requejo Cotrina, Oswaldo Valentin"]
[Black "Montevilla Cahuasa, Jonathan I."]
[Result "0-1"]
[WhiteTitle "FM"]
[BlackTitle "CM"]
[WhiteElo "2184"]
[BlackElo "2022"]
[WhiteFideId "3800423"]
[BlackFideId "3322220"]
[EventDate "2025.05.23"]

1. e4 c5 2. d4 cxd4 3. c3 Nf6 4. e5 Nd5 5. Nf3 Nc6 6. Bc4 Nb6 7. Bb3 d6 8. exd6
Qxd6 9. Na3 a6 10. O-O e6 11. cxd4 Be7 12. Be3 Bf6 13. Qe2 O-O 14. Rad1 Nb4 15.
Ne5 N4d5 16. Nac4 Nxc4 17. Nxc4 Qd8 18. Ne5 b6 19. f4 g6 20. g4 Bb7 21. Bc1 Rc8
22. f5 exf5 23. gxf5 Rxc1 24. Rxc1 Bg5 25. Rc3 Nf4 26. Qf2 Bh6 27. h4 g5 28. Ng4
Bg7 29. Ne5 Ne2+ 30. Qxe2 Qxd4+ 31. Rf2 Bxe5 32. Rd3 Qxh4 33. Bd5 Bxd5 34. Rxd5
Bd4 35. Rxd4 Qxd4 36. f6 Rc8 0-1

[Event "18th American Continental"]
[Site "Foz do Iguacu BRA"]
[Date "2025.05.26"]
[Round "5.53"]
[White "Luz, Arthur Nader"]
[Black "Mariani, Daniel Brandao"]
[Result "1/2-1/2"]
[WhiteElo "2184"]
[BlackElo "2002"]
[WhiteFideId "2148838"]
[BlackFideId "2124378"]
[EventDate "2025.05.23"]

1. e4 c5 2. Nf3 Nc6 3. d4 cxd4 4. Nxd4 e5 5. Nb5 d6 6. c4 Be6 7. N5c3 g6 8. Na3
a6 9. Be3 Bg7 10. Qd2 Nge7 11. Nc2 Qc7 12. Rd1 Rd8 13. Nd5 Bxd5 14. cxd5 Nb8 15.
Na3 O-O 16. Rc1 Qd7 17. Be2 f5 18. f3 fxe4 19. fxe4 Rc8 20. Rxc8 Nxc8 21. Rf1
Rxf1+ 22. Kxf1 h5 23. h3 Qf7+ 24. Kg1 Nd7 25. Qc3 Qe8 26. Qc7 Nf6 27. Qxb7 Nxe4
28. Bxa6 Ne7 29. Nc4 Qa4 30. Nxd6 Nxd6 31. Qb8+ Kh7 32. Qxd6 Nf5 33. Qc6 Qd1+
34. Kf2 Nxe3 35. Kxe3 Bh6+ 36. Kf2 Qd4+ 37. Kf1 Qd1+ 38. Kf2 Qd4+ 39. Kf1 Qd1+
40. Kf2 1/2-1/2

[Event "18th American Continental"]
[Site "Foz do Iguacu BRA"]
[Date "2025.05.26"]
[Round "5.54"]
[White "Cantero, Rodolfo"]
[Black "De Oliveira, Yuri Garcia"]
[Result "0-1"]
[WhiteTitle "CM"]
[WhiteElo "2179"]
[BlackElo "2001"]
[WhiteFideId "3703762"]
[BlackFideId "22762000"]
[EventDate "2025.05.23"]

1. e4 c5 2. Nf3 d6 3. Nc3 a6 4. d4 cxd4 5. Qxd4 Nc6 6. Qd3 Nf6 7. Nd5 Nd7 8. c3
e6 9. Ne3 Be7 10. Be2 b5 11. O-O Bb7 12. Bd2 O-O 13. Rad1 Qc7 14. Qb1 Rad8 15.
Bc1 Nf6 16. Bd3 Nb8 17. Nd4 Nbd7 18. f3 Nb6 19. f4 Nbd7 20. Nb3 a5 21. a3 a4 22.
Nd2 Nc5 23. Bc2 Qc6 24. e5 Nfe4 25. Nf3 Nb3 26. Nd4 Nxd4 27. cxd4 dxe5 28. fxe5
f5 29. exf6 Bxf6 30. Rf4 Ng5 31. d5 exd5 32. h4 d4 33. hxg5 dxe3 34. Rg4 e2 35.
Re1 Bd4+ 36. Kh2 Qd6+ 37. Kh3 Bc8 38. Bxh7+ Kh8 39. Rxe2 Rf1 40. g3 Qc6 41. Be4
Qxc1 0-1

[Event "18th American Continental"]
[Site "Foz do Iguacu BRA"]
[Date "2025.05.26"]
[Round "5.55"]
[White "El Zwei, Aiman Mohamed"]
[Black "Almeida Junior, Alvaro Alves de"]
[Result "1-0"]
[WhiteElo "1980"]
[BlackElo "2179"]
[WhiteFideId "44733909"]
[BlackFideId "2149974"]
[EventDate "2025.05.23"]

1. d4 Nf6 2. c4 e6 3. Nf3 d5 4. g3 Be7 5. Bg2 O-O 6. O-O dxc4 7. Ne5 Nd5 8. Nxc4
b5 9. Ne3 Bb7 10. Nxd5 Bxd5 11. e4 Bb7 12. Be3 Nd7 13. Nc3 Nb6 14. b3 b4 15. Ne2
a5 16. Rc1 Qd7 17. Qc2 Rac8 18. Nf4 Rfd8 19. Nd3 Ba6 20. Rfd1 Bxd3 21. Qxd3 c5
22. Qa6 Ra8 23. Qe2 cxd4 24. Bxd4 Qb7 25. Qb5 Rdb8 26. e5 Nd5 27. Qxb7 Rxb7 28.
Bc5 Bxc5 29. Rxc5 g6 30. Rdxd5 exd5 31. Bxd5 Rba7 32. Bxa8 Rxa8 33. Rb5 Kf8 34.
Kf1 Ke7 35. Ke2 Ke6 36. Kd3 a4 37. Ke4 axb3 38. axb3 Ra2 39. Rb6+ Ke7 40. f4
Rxh2 41. Rxb4 h5 42. Rd4 Rb2 43. Rd3 Ke6 44. Rd6+ Ke7 45. Rb6 Rb1 46. Kf3 Rf1+
47. Kg2 Rb1 48. b4 Rb2+ 49. Kh3 Rb1 50. b5 Rh1+ 51. Kg2 Rb1 52. Rb7+ Ke6 53. b6
Rb2+ 54. Kh3 Rb1 55. Rb8 Rb2 56. Rb7 Rb1 57. Rb8 Rb2 58. Re8+ Kd7 59. Rf8 Ke7
60. Rb8 Ke6 61. b7 Kf5 62. e6 Kf6 63. exf7 1-0

[Event "18th American Continental"]
[Site "Foz do Iguacu BRA"]
[Date "2025.05.26"]
[Round "5.56"]
[White "Arias Diaz, Miguel Angel"]
[Black "Raimundo, Airton Carlos Nunes"]
[Result "1-0"]
[WhiteElo "2176"]
[BlackElo "1975"]
[WhiteFideId "3432742"]
[BlackFideId "2114526"]
[EventDate "2025.05.23"]

1. d4 Nf6 2. c4 e6 3. Nc3 Bb4 4. e3 O-O 5. Bd3 d5 6. a3 Bxc3+ 7. bxc3 dxc4 8.
Bxc4 c5 9. Nf3 Qc7 10. Be2 Nc6 11. O-O Rd8 12. Qc2 e5 13. h3 g6 14. Nxe5 Nxe5
15. dxe5 Bf5 16. Qb3 Ne4 17. c4 Nd2 18. Bxd2 Rxd2 19. Bf3 Rad8 20. Qxb7 Qxb7 21.
Bxb7 Be6 22. Rfe1 R8d3 23. e4 Rb3 24. Bd5 Rbb2 25. Rf1 Kf8 26. Rad1 Rxd1 27.
Rxd1 Ke7 28. Rd3 a5 29. Kf1 a4 30. Ke1 h5 31. Rc3 g5 32. Bc6 Bd7 33. Bd5 g4 34.
h4 f6 35. exf6+ Kxf6 36. Re3 Rb1+ 37. Ke2 Rb2+ 38. Kf1 Rb1+ 39. Re1 Rb3 40. e5+
Ke7 41. Re3 Bf5 42. g3 Rb1+ 43. Kg2 Rb3 44. Bc6 Bc2 45. Bd5 Bf5 46. Bc6 Bd7 47.
Bxd7 Kxd7 48. e6+ Ke7 49. Re5 Rxa3 50. Rxc5 Ra1 51. Rxh5 Kxe6 52. Ra5 a3 53.
Ra6+ Ke5 54. h5 Rc1 55. h6 Rxc4 56. h7 Rc8 57. Rxa3 Rh8 58. Ra7 Kf6 59. Ra6+ Kf5
60. Rh6 Kg5 61. Rh4 Kf5 62. Kf1 Kg5 63. Ke2 Re8+ 64. Kd3 Rh8 65. Ke4 Re8+ 66.
Kd5 Rh8 67. Ke6 Re8+ 68. Kf7 Rh8 69. Kg7 Ra8 70. h8=Q Ra7+ 71. Kg8 1-0

[Event "18th American Continental"]
[Site "Foz do Iguacu BRA"]
[Date "2025.05.26"]
[Round "5.57"]
[White "Silverio, Vitor Luis De Jesus"]
[Black "Bail, Ellen Larissa"]
[Result "1/2-1/2"]
[WhiteElo "2166"]
[BlackElo "1964"]
[WhiteFideId "22797289"]
[BlackFideId "2142171"]
[EventDate "2025.05.23"]

1. e4 c6 2. d4 d5 3. e5 c5 4. dxc5 e6 5. a3 Nd7 6. b4 Nxe5 7. Bb2 Nd7 8. Nf3
Ngf6 9. Bd3 Qc7 10. O-O b6 11. cxb6 axb6 12. Nbd2 Bd6 13. Qe2 O-O 14. c4 Ba6 15.
Rac1 Qb8 16. g3 Re8 17. Rfe1 Bb7 18. Bb1 Ba6 19. Nd4 e5 20. Nc6 Qc7 21. b5 d4
22. g4 h6 23. h4 Bb7 24. g5 hxg5 25. hxg5 Nh7 26. g6 Nhf6 27. gxf7+ Kxf7 28. Ne4
Nxe4 29. Qxe4 Nf6 30. Qg6+ Kg8 31. c5 bxc5 32. Ba2+ Kf8 33. f4 Bxc6 34. bxc6 Re7
35. Re2 Ng8 36. fxe5 Bxe5 37. Rf2+ Nf6 38. Qh5 Bh2+ 39. Qxh2 Qxh2+ 40. Rxh2 Rea7
41. Re1 g5 42. Rh8+ Kg7 43. Rxa8 Rxa8 44. Re7+ Kg6 45. c7 d3 46. Bxf6 Kxf6 47.
Rd7 Rc8 48. Kf2 g4 49. Bc4 g3+ 50. Kxg3 d2 51. Be2 Ke6 52. Bg4+ Ke5 53. Kf3 Rxc7
54. Rxd2 Ra7 55. Rd3 c4 56. Re3+ Kd4 57. Bf5 Rf7 58. Re4+ Kd5 59. Kf4 c3 60. Re3
Kd4 61. Rd3+ Kc4 62. Rd8 Kb3 63. Rc8 Ra7 64. Ke3 Rxa3 65. Kd3 Kb2 66. Be6 c2+
67. Kd2 c1=Q+ 68. Rxc1 Rd3+ 69. Kxd3 Kxc1 1/2-1/2

[Event "18th American Continental"]
[Site "Foz do Iguacu BRA"]
[Date "2025.05.26"]
[Round "5.58"]
[White "Cezar, Ricardo De Almeida"]
[Black "Lira, Suan Bruno Fernandes"]
[Result "1-0"]
[WhiteElo "1962"]
[BlackElo "2163"]
[WhiteFideId "2172968"]
[BlackFideId "22794620"]
[EventDate "2025.05.23"]

1. d4 d5 2. Bf4 Nf6 3. e3 c5 4. c3 Nc6 5. Nd2 Qb6 6. Qb3 c4 7. Qc2 Nh5 8. Bg5 h6
9. Bh4 g5 10. Be2 Ng7 11. Bg3 Nf5 12. e4 Nxg3 13. hxg3 e6 14. Bf3 Ne7 15. g4 Bd7
16. Ne2 f6 17. b3 cxb3 18. axb3 Bg7 19. O-O O-O 20. Ng3 Rac8 21. Qd3 Rfd8 22.
exd5 Nxd5 23. Bxd5 exd5 24. Qf3 Be6 25. Rfe1 a6 26. Rac1 Qd6 27. Nf5 Bxf5 28.
Qxf5 Qd7 29. Re6 Rc6 30. Rce1 Rxc3 31. Qg6 Rc1 32. Rxc1 Qxe6 33. Rc7 1-0

[Event "18th American Continental"]
[Site "Foz do Iguacu BRA"]
[Date "2025.05.26"]
[Round "5.59"]
[White "Pirola, Claudionor Alcides Lima"]
[Black "Andrade, Roberto Luiz Costa"]
[Result "1/2-1/2"]
[BlackTitle "FM"]
[WhiteElo "2157"]
[BlackElo "1959"]
[WhiteFideId "2130556"]
[BlackFideId "2101521"]
[EventDate "2025.05.23"]

1. e4 c5 2. Nf3 Nf6 3. e5 Nd5 4. Nc3 e6 5. Ne4 f5 6. Nc3 Nxc3 7. dxc3 d5 8. exd6
Qxd6 9. Qe2 Be7 10. Ne5 O-O 11. h4 Qb6 12. b3 Nc6 13. Bf4 Qa5 14. Qe3 Bf6 15.
Rh3 Bxe5 16. Bxe5 c4 17. Bd6 Rd8 18. Qc5 Qxc5 19. Bxc5 cxb3 20. axb3 Bd7 21. Re3
b6 22. Bd6 Be8 23. O-O-O Bh5 24. f3 Bf7 25. Bb5 Na5 26. Bc7 Rxd1+ 27. Kxd1 Rc8
28. Bf4 Rd8+ 29. Kc1 h6 30. Kb2 Kf8 31. Rd3 Rxd3 32. cxd3 Be8 33. Bxe8 Kxe8 34.
b4 Nc6 35. b5 Ne7 36. h5 Kf7 37. Bb8 Nc8 38. c4 Kf6 39. d4 g5 40. hxg6 Kxg6 41.
c5 Kg5 42. g3 h5 43. Bxa7 bxc5 44. Bxc5 f4 45. gxf4+ Kxf4 46. b6 Nxb6 47. Bxb6
h4 48. Bc7+ Kxf3 49. Kc3 Ke3 50. Be5 h3 51. Kc4 Ke4 52. Bh2 Ke3 53. Be5 Ke4 54.
Bd6 Ke3 55. Kc3 Ke4 56. Bh2 Ke3 1/2-1/2

[Event "18th American Continental"]
[Site "Foz do Iguacu BRA"]
[Date "2025.05.26"]
[Round "5.60"]
[White "Starke, Bruno Orlando"]
[Black "Kaneda, Eric Kazuichi"]
[Result "1-0"]
[WhiteElo "2143"]
[BlackElo "1949"]
[WhiteFideId "2128713"]
[BlackFideId "2141337"]
[EventDate "2025.05.23"]

1. c4 Nf6 2. Nc3 g6 3. e4 d6 4. d4 Bg7 5. Be2 O-O 6. Nf3 Nbd7 7. Be3 Ng4 8. Bg5
h6 9. Bh4 c5 10. O-O cxd4 11. Nxd4 Bf6 12. Bg3 Nge5 13. Qd2 Bg7 14. Rad1 Nc6 15.
Nc2 Nc5 16. Qe3 Qb6 17. b4 Ne6 18. c5 Nxc5 19. Nd5 Qd8 20. bxc5 dxc5 21. Nc7 Nd4
22. Nxa8 Bd7 23. Nxd4 cxd4 24. Rxd4 1-0

[Event "18th American Continental"]
[Site "Foz do Iguacu BRA"]
[Date "2025.05.26"]
[Round "5.61"]
[White "Borges, Guilherme Deola"]
[Black "Hernandez Bermudez, Manuela"]
[Result "1-0"]
[BlackTitle "WFM"]
[WhiteElo "2141"]
[BlackElo "1947"]
[WhiteFideId "2109085"]
[BlackFideId "4483103"]
[EventDate "2025.05.23"]

1. e4 c5 2. c3 Nf6 3. e5 Nd5 4. Nf3 d6 5. Bc4 Nb6 6. Bb3 Nc6 7. d4 cxd4 8. exd6
Qxd6 9. Nxd4 Nxd4 10. cxd4 e6 11. O-O Be7 12. Nc3 Nd5 13. Nxd5 exd5 14. Qf3 Be6
15. Ba4+ Kf8 16. Bb3 g5 17. Re1 Kg7 18. Bd2 Bf6 19. Rad1 Rac8 20. a3 Qd7 21. Qg3
h6 22. h4 g4 23. Bf4 Qd8 24. Be5 Re8 25. h5 b6 26. f3 Bxe5 27. Rxe5 f6 28. Rxe6
Rxe6 29. Qxg4+ Kf7 30. Qf5 Qd7 31. Bxd5 Ke7 32. Bxe6 Qxe6 33. Qxe6+ Kxe6 34. Rd2
Kd5 35. Kf2 Rg8 36. Ke3 Rg5 37. g4 f5 38. Kf4 fxg4 39. fxg4 Rg8 40. Kf5 Rg5+ 41.
Kf4 Rg8 42. Re2 Rg7 43. Re5+ Kxd4 44. Rf5 Kc4 45. Rf6 Kb3 46. Rxh6 Kxb2 47. Rf6
Kxa3 48. g5 b5 49. g6 b4 50. h6 Rb7 51. Ra6+ 1-0

[Event "18th American Continental"]
[Site "Foz do Iguacu BRA"]
[Date "2025.05.26"]
[Round "5.62"]
[White "Pimenta, Jeronimo Marques"]
[Black "Carrasco Jacome, Bryan"]
[Result "0-1"]
[WhiteElo "1946"]
[BlackElo "2141"]
[WhiteFideId "2116448"]
[BlackFideId "3618986"]
[EventDate "2025.05.23"]

1. d4 Nf6 2. c4 e6 3. Nf3 Bb4+ 4. Bd2 Qe7 5. Qc2 Bxd2+ 6. Nbxd2 d6 7. e3 b6 8.
Bd3 Bb7 9. O-O c5 10. Ne4 Nbd7 11. Nxf6+ Nxf6 12. e4 e5 13. Qa4+ Qd7 14. Qxd7+
Nxd7 15. d5 Ke7 16. Nh4 g6 17. g3 f6 18. Be2 Rhf8 19. Bg4 Ba6 20. b3 b5 21. Bxd7
Kxd7 22. cxb5 Bxb5 23. Rfe1 a5 24. Ng2 Ra7 25. Ne3 Rfa8 26. f3 a4 27. Rab1 axb3
28. Rxb3 Ra5 29. Reb1 Ba6 30. R1b2 Ra4 31. Rb6 Bc8 32. Rc6 Rxa2 33. Rxa2 Rxa2
34. Nc4 Kd8 35. Nxd6 Bh3 36. Rxc5 h5 37. Rc3 Rg2+ 38. Kh1 Rf2 39. Rc1 Rxf3 40.
Nc4 Rd3 41. Re1 Rd4 42. Nd6 Rb4 43. Kg1 Ke7 44. Nc8+ Bxc8 0-1

[Event "18th American Continental"]
[Site "Foz do Iguacu BRA"]
[Date "2025.05.26"]
[Round "5.63"]
[White "Souza Neves, Andrey M."]
[Black "Cella, Glaucio Dalla Cortt"]
[Result "1-0"]
[WhiteTitle "FM"]
[WhiteElo "2138"]
[BlackElo "1936"]
[WhiteFideId "2101815"]
[BlackFideId "2119455"]
[EventDate "2025.05.23"]

1. e4 c5 2. Nf3 e6 3. d4 cxd4 4. Nxd4 Nf6 5. Nc3 Bb4 6. e5 Nd5 7. Qg4 g6 8. Bd2
Nxc3 9. bxc3 Be7 10. h4 Qa5 11. Qg3 Nc6 12. Nb5 a6 13. Nd6+ Bxd6 14. exd6 Qe5+
15. Qxe5 Nxe5 16. c4 f6 17. c5 b6 18. cxb6 Bb7 19. c4 Rc8 20. Rc1 Nf7 21. c5 Nd8
22. Rh3 Kf7 23. Ra3 Ra8 24. Rc4 Nc6 25. Rca4 Nb8 26. g4 h5 27. g5 f5 28. Bc3 Rc8
29. Bd4 Ke8 30. Be2 Kf8 31. Bf3 Nc6 32. Bf6 Ke8 33. Kf1 Kf7 34. Kg2 Ke8 35. Kg3
Kf7 36. Kf4 Ke8 37. Rc4 Kf7 38. Rc1 Rab8 39. Ba1 Ra8 40. Be2 Nb8 41. Bxh5 gxh5
42. g6+ Kg8 43. Kg5 Nc6 44. Kxh5 e5 45. f4 Nd4 46. fxe5 Ne6 47. Kh6 Be4 48. Re3
Rxc5 49. Rxc5 Nxc5 50. Rc3 Ne6 51. Rc4 Bd5 52. Ra4 f4 53. Bc3 Bb7 54. Rc4 Bd5
55. Rb4 Bb7 56. h5 Rf8 57. Be1 Rf5 58. Bh4 Ng7 59. Bg5 f3 60. e6 Rxg5 61. Kxg5
Nxe6+ 62. Kf6 f2 63. Rb1 Nc5 64. h6 Bg2 65. h7+ Kh8 66. Kf7 Bd5+ 67. Kf8 Ne6+
68. Ke7 Bg2 69. b7 Bxb7 70. Rxb7 f1=Q 71. Rb8+ Kg7 72. h8=Q+ Kxg6 73. Rg8+ Kf5
74. Rf8+ Nxf8 75. Qxf8+ 1-0

[Event "18th American Continental"]
[Site "Foz do Iguacu BRA"]
[Date "2025.05.26"]
[Round "5.65"]
[White "Souza, Rafael Cabral De"]
[Black "Simao, Diogo Roger De Sousa"]
[Result "1-0"]
[WhiteElo "2122"]
[BlackElo "1934"]
[WhiteFideId "2124068"]
[BlackFideId "2117215"]
[EventDate "2025.05.23"]

1. Nf3 d5 2. g3 Nf6 3. Bg2 Bg4 4. d3 e6 5. O-O Bc5 6. Nbd2 Bh5 7. d4 Bd6 8. c4
c6 9. b3 Nbd7 10. Bb2 O-O 11. h3 Re8 12. g4 Bg6 13. Ne5 Nf8 14. Qe1 N6d7 15. e4
f6 16. Nxd7 Qxd7 17. f4 e5 18. dxe5 fxe5 19. f5 Bf7 20. exd5 cxd5 21. cxd5 Bc5+
22. Kh1 Bxd5 23. Ne4 Bxe4 24. Qxe4 Bd4 25. Bxd4 exd4 26. Qxb7 Qxb7 27. Bxb7 Rad8
28. Rf2 Re3 29. Kg2 Nd7 30. Bd5+ Kf8 31. Rd1 Nf6 32. Bf3 h6 33. Rfd2 Rc3 34. h4
Rd6 35. g5 hxg5 36. hxg5 Nd5 37. Bxd5 Rxd5 38. Rxd4 Rxf5 39. Rd8+ Kf7 40. R1d7+
Kg6 41. Rxa7 Rc2+ 42. Kg3 Rcf2 43. Rd3 Rf1 44. Kh3 Rh1+ 45. Kg2 Rff1 46. Rg3
Rhg1+ 47. Kh3 Rh1+ 48. Kg4 Rh2 49. Ra6+ Kh7 50. Rh3+ Rxh3 51. Kxh3 Rf4 52. Rb6
Rd4 53. a4 Kg8 54. g6 Kf8 55. a5 Ke8 56. a6 1-0

[Event "18th American Continental"]
[Site "Foz do Iguacu BRA"]
[Date "2025.05.26"]
[Round "5.66"]
[White "Jodorcovsky Werjivker, Paulo"]
[Black "Mayeregger Gonzalez, Fiorella Allegra"]
[Result "1-0"]
[WhiteTitle "CM"]
[BlackTitle "WCM"]
[WhiteElo "2117"]
[BlackElo "1867"]
[WhiteFideId "3700305"]
[BlackFideId "3708845"]
[EventDate "2025.05.23"]

1. Nf3 d5 2. e3 e6 3. c4 Nf6 4. Nc3 a6 5. b3 Be7 6. Bb2 O-O 7. d4 c5 8. cxd5
cxd4 9. Qxd4 exd5 10. Rd1 Nc6 11. Qd3 Be6 12. Be2 Rc8 13. O-O Nb4 14. Qb1 Qc7
15. Nd4 Bd6 16. g3 Be5 17. Bf3 Rfd8 18. Nce2 Nc6 19. Rc1 Qd6 20. Rfd1 Ne7 21.
Nf4 Nc6 22. Qa1 Nxd4 23. Bxd4 Bxd4 24. Qxd4 Qa3 25. Rxc8 Rxc8 26. Qd2 h6 27. h3
Qc5 28. Kg2 Qc2 29. Nxd5 Nxd5 30. Bxd5 Bxd5+ 31. Qxd5 Qxa2 32. Qxb7 Rc2 33. Rd8+
Kh7 34. Qxf7 Qa5 35. Qg8+ Kg6 36. Rd6+ 1-0

[Event "18th American Continental"]
[Site "Foz do Iguacu BRA"]
[Date "2025.05.26"]
[Round "5.67"]
[White "Gomes, Maria Eduarda Papini"]
[Black "Heredia Serrano, Carla"]
[Result "0-1"]
[BlackTitle "WGM"]
[WhiteElo "1858"]
[BlackElo "2114"]
[WhiteFideId "2158957"]
[BlackFideId "3603687"]
[EventDate "2025.05.23"]

1. d4 Nf6 2. c4 c5 3. d5 b5 4. cxb5 a6 5. b6 g6 6. Nc3 Qxb6 7. e4 d6 8. Nge2 Bg7
9. g3 O-O 10. Bg2 a5 11. O-O Ba6 12. h3 Nbd7 13. f4 Ne8 14. Rf3 Nc7 15. Kh2 Rfb8
16. Rb1 Bxe2 17. Qxe2 Nb5 18. Nxb5 Qxb5 19. Qc2 a4 20. Bf1 Qb7 21. Ra3 h5 22.
Rxa4 h4 23. g4 Rxa4 24. Qxa4 Bd4 25. Qc2 c4 26. Qxc4 Bf2 27. Qe2 Qa7 28. b4 Qd4
29. Rb3 Bg3+ 30. Kh1 Rxb4 31. Rxb4 Qxb4 32. Bd2 Qb1 33. Kg1 Qxa2 34. Be3 Qb1 35.
Qd3 Qe1 36. Qe2 Qb1 37. Qd3 Qe1 38. Qe2 Qa1 39. Qd2 Nf6 40. Qc2 Qe1 41. Qe2 Nxe4
42. Qxe1 Bxe1 43. Bd3 Nf6 44. Bc4 Ne4 45. Bd3 Nc5 46. Bxc5 dxc5 47. f5 gxf5 48.
Bxf5 Kg7 49. Kf1 Bg3 50. Ke2 Kf6 51. Kd3 Ke5 52. Kc4 Bf2 53. Bd7 Kf4 54. Bc8 Kg3
55. g5 Kf4 56. d6 exd6 57. Kd5 Kxg5 58. Kxd6 Bd4 59. Kd5 Kf4 60. Kc4 Ke5 61. Kd3
Bf2 62. Bd7 Kd5 63. Bg4 c4+ 64. Ke2 Bd4 65. Bf3+ Ke5 66. Bh5 Ke6 67. Kd2 f5 68.
Be2 c3+ 69. Kd3 Bf6 70. Bd1 Be5 71. Bb3+ Kd6 72. Ke3 Kc5 73. Bc2 f4+ 74. Ke4 Kb4
75. Kf3 Ka3 76. Ke2 Kb2 77. Kd1 f3 78. Bd3 Bg3 79. Be4 f2 80. Ke2 Kc1 81. Kf1
Kd2 82. Bf5 Kd1 83. Bg4+ Kd2 84. Bf5 c2 85. Bxc2 Kxc2 86. Ke2 Kc1 87. Kf1 Kd1 0-1